|
|
|
|
| LEADER |
00879cam a2200241 7i4500 |
| 001 |
0000002355 |
| 005 |
20191009090000.0 |
| 020 |
|
|
|a 0070072477 (hbk.)
|
| 020 |
|
|
|a 9780070072473
|
| 090 |
0 |
0 |
|a TC160
|b .B73 1996
|
| 100 |
1 |
|
|a Brater, Ernest F
|
| 245 |
1 |
0 |
|a Handbook of hydraulics for the solution of hydraulic engineering problems
|c Ernest F. Brater, Horace Williams King ; James E. Lindell, editor in chief, C.Y. Wei, coeditor.
|
| 260 |
|
|
|a New York:
|b McGraw-Hill,
|c 1996.
|
| 260 |
|
|
|a 7th ed.
|
| 300 |
|
|
|a 1v. (various pagings):
|b ill.;
|c 20 cm.
|
| 650 |
0 |
0 |
|a Hydraulic engineering
|
| 650 |
0 |
0 |
|a Metric system
|
| 650 |
0 |
0 |
|a Hydraulics
|
| 700 |
1 |
|
|a Lindell, James E.
|
| 700 |
1 |
|
|a King, Horace Williams
|
| 700 |
3 |
|
|a C. Y., Wei
|
| 997 |
|
|
|a Engineering & Life Sciences, Faculty
|b Engineering, Department
|
| 999 |
|
|
|a 0000000268
|b BOK
|c REFERENCE
|e Ground Floor, Bestari Jaya
|